00793pam a2200229 i 4500003000900000005001700009008004000026020002600066020003000092040003800122082001500160245008600175264005200261300002900313336002100342337002300363338003200386504002000418650003800438700002700476856006000503EG-GICUC20260121101721.0800228s2013 enk fr 000 0 eng d a9781472510204q(ePDF) a9781472512895q(Hardback) aDLCcDLCdDLCdEG-GICUCbengerda00a341.7522100aLegal aspects of the new international economic order /cedited by Kamal Hossain. aLondon :bF. Pinter ;bNichols Pub. Co.,c2013. axii, 285 pages ;c23 cm. atext2rdacontent aComputer2rdamedia aOnline Resource2rdacarrier aincludes index. 0aInternational economic relations.1 aHossain, Kamal,d1939-40uhttps://fll.law.cu.edu.eg/fulltext/bks/ENGB11-00049.pdf